| 000 | 01062nam0a22003131 4500 | ||
|---|---|---|---|
| 001 | v19\rc\1530738 | ||
| 005 | 20060620130538.5 | ||
| 035 | _a(NLR Aleph) 004682588 | ||
| 090 |
_a3827554 _c3827554 |
||
| 100 | _a20060620d1887 |||y0rusy50 ca | ||
| 101 | 0 | _arus | |
| 102 | _aRU | ||
| 105 | _ay z ||||| | ||
| 200 | 1 |
_aСборник сведений по Киевской губернии и адрес-календарь на 1887 год _fСост. В.Г. Мозговой, секр. Киев. губ. стат. ком. |
|
| 210 |
_aКиев _cКиев. губ. стат. ком. _d1887 |
||
| 215 |
_a[4], 248, 88 с. _d21 |
||
| 607 | _aКиевская губ. | ||
| 700 | 1 |
_aМозговой _bВ. Г. _gВасилий Григорьевич _4220 |
|
| 801 | 0 |
_aRU _bNLR _gpsbo |
|
| 801 | 0 |
_aRU _bRuMoRGB _2psbo |
|
| 801 | 1 |
_aRU _bProSoft-M _2rusmarc |
|
| 852 |
_aNLR _bС _j595Кие/М74 |
||
| 899 |
_aRuMoRGB _jE 55/119 |
||
| 899 |
_aRuMoRGB _jT 19/104 |
||
| 899 |
_aRuMoRGB _jT 43/190 |
||
| 899 | _aБАН | ||
| 899 | _aГПИБ | ||
| 942 | _cBOOK | ||
| 980 | _aNB | ||